Očistka i obezzaraživanije stočnych vod malych naselennych punktov /

Enregistré dans:
Détails bibliographiques
Auteurs principaux: Razumovskij, Eduard Serafimovič (Auteur), Medriš, Garij Ľvovič (Auteur), Kazarjan, Vladimir Andranikovič (Auteur)
Format: Livre
Langue:russe
Publié: Moskva : Strojizdat, 1986
Édition:2-je, perer. i dop. izd
Tags: Ajouter un tag
Pas de tags, Soyez le premier à ajouter un tag!

MARC

LEADER 00000nam a22000003a 4500
001 stu18814
005 20150617225752.3
008 ------s1986----xxr-----------------rus-d
040 |a STU  |b slo 
041 0 |a rus 
044 |a xxr 
080 |a 628.34/.35 
100 1 |a Razumovskij, Eduard Serafimovič  |4 aut 
245 1 |a Očistka i obezzaraživanije stočnych vod malych naselennych punktov /  |c [aut.]Razumovskij,Eduard Serafimovič, Medriš,Garij Ľvovič, Kazarjan,Vladimir Andranikovič 
250 |a 2-je, perer. i dop. izd 
260 |a Moskva :  |b Strojizdat,  |c 1986 
300 |a 175 s :  |b Obr.,tab.,grafy,lit 
700 1 |a Medriš, Garij Ľvovič  |4 aut 
700 1 |a Kazarjan, Vladimir Andranikovič  |4 aut 
996 |c V*33707/O-13772  |l VV17  |s P  |a 0  |w stu18814_0001 
996 |b C77412-3  |c C*77412-3  |l CCXXVI  |s P  |a 0  |w stu18814_0002 
996 |b C77544  |c C*77544  |l CCXV  |s P  |a 0  |w stu18814_0003